Seed Quality Evaluation of Senegalia polyphylla (DC.) Britton & Rose (Registro n. 341098)
[ somente texto ]
| 000 -LÍDER | |
|---|---|
| fixed length control field | 02033nab a2200301 i 4500 |
| 003 - CÓDIGO MARC DA AGÊNCIA CATALOGADORA | |
| Campo de controle | BR-BrBNA |
| 005 - DATA E HORA DA ÚLTIMA ATUALIZAÇÃO | |
| Campo de controle | 20260327150700.0 |
| 008 - CAMPO DE TAMANHO FIXO | |
| fixed length control field | 260327b2019 bl.qr|pooa||| 00| 0 eng | |
| 040 ## - FONTE DA CATALOGAÇÃO | |
| Agência catalogadora | BR-BrBNA |
| Idioma da catalogação | eng |
| 072 ## - CATEGORIA AGRIS | |
| Código AGRIS | F03 |
| Código do objeto | 2790 |
| 072 ## - CATEGORIA AGRIS | |
| Código do objeto | 3575 |
| 100 ## - ENTRADA PRINCIPAL - NOME PESSOAL | |
| Nome pessoal | Gibbert, Patricia |
| 100 ## - ENTRADA PRINCIPAL - NOME PESSOAL | |
| Nome pessoal | Bortolini, Michele Fernanda |
| 100 ## - ENTRADA PRINCIPAL - NOME PESSOAL | |
| Nome pessoal | Kaiser, Daiana Karoline |
| 100 ## - ENTRADA PRINCIPAL - NOME PESSOAL | |
| Nome pessoal | Muller, Evelin Maria |
| 100 ## - ENTRADA PRINCIPAL - NOME PESSOAL | |
| Nome pessoal | Gusatto, Francine |
| 245 ## - TÍTULO PRINCIPAL | |
| Título principal | Seed Quality Evaluation of Senegalia polyphylla (DC.) Britton & Rose |
| 500 ## - NOTA GERAL | |
| Nota geral | Publicação on-line; 28 ref.; 5 tables; 1 illus.; Summary (En) |
| 942 ## - ADDED ENTRY ELEMENTS (KOHA) | |
| Koha item type | Analítica |
| 520 ## - NOTA DE RESUMO | |
| Nota de conteúdo | <br/><br/>ABSTRACT<br/><br/>The aim of this study was to evaluate the quality of Senegalia polyphylla seeds from different<br/>trees by X-ray (XR) and electric conductivity (EC) tests. Seeds from three different trees were<br/>used. The seeds were classified through radiography in: full, malformed, with small damage<br/>and empty, and were used in the germination test. For the EC test, the best volume of water<br/>(50 and 75 mL) was initially tested at 25 °C, and subsequently, the different soaking times<br/>(12, 24, 48, 72, 96 and 120 hours) using the best volume of water. Concomitantly, the germination<br/>test was performed. Tree I presented a higher percentage of full seeds in XR, higher percentage of<br/>germination and fewer leachates in the EC; tree III, however, was the opposite. The tests showed<br/>to be efficient for the quality evaluation of Senegalia polyphylla seeds, differentiating the trees.<br/><br/>Keywords: x-ray, electrical conductivity, forest seeds. |
| 650 ## - ASSUNTO - THESAGRO | |
| Cabeçalho tópico ou nome geográfico | UNHA DE GATO |
| 650 ## - ASSUNTO - THESAGRO | |
| Cabeçalho tópico ou nome geográfico | SEMENTE FLORESTAL |
| 650 ## - ASSUNTO - THESAGRO | |
| Cabeçalho tópico ou nome geográfico | RAIO X |
| 650 ## - ASSUNTO - THESAGRO | |
| Cabeçalho tópico ou nome geográfico | CONDUTIVIDADE ELÉTRICA |
| 773 0# - ENTRADA ANALÍTICA | |
| Host Biblionumber | 2929 |
| Registro do item | 347951 |
| Imprenta | Rio de Janeiro-RJ Instituto de Florestas - UFRRJ 1994 |
| Outro identificador | 2025-0450 |
| Título | Floresta e Ambiente (Brazil) |
| ISSN | 1415-0980 / ISSN 2179-8087 0nline |
| Colação | v. 26(2) p. 1-9; (2019) |
| Número de controle de registro | BR2026000176 |
| 856 ## - ACESSO E ENDEREÇO ELETRÔNICO | |
| Identificador uniforme de recurso - URI | https://www.scielo.br/j/floram/a/NsHWQmYFXQVf5rzhrCr96QC/?format=pdf&lang=en |
Nenhum exemplar disponível.

BINAGRI